Statistics for Washington State Interstate Highways

Click here to take the quiz!

General Stats

  • This quiz has been taken 15 times
  • The average score is 6 of 7

Answer Stats

HintAnswer% Correct
276 Miles Long, North and South from Vancouver to BlaineI-5
100%
30 Miles Long, North and South from Tukwila to LynwoodI-405
89%
297 Miles Long, East and West from Seattle to Liberty LakeI-90
89%
10 Miles Long, North and South from Vancouver to Salmon CreekI-205
78%
132 Miles Long, East and West from Ellensburg to PlymouthI-82
78%
15 Miles Long, East and West from Richland to PascoI-182
67%
1.5 Miles Long, North and South (Tacoma only)I-705
67%

Score Distribution

Percentile by Number Answered

Percent of People with Each Score

Your Score History

You have not taken this quiz